Univerzitný profesor PhDr. Jozef Kresánek, DrSc

Bibliographic Details
Main Author: -eť- (Author)
Format: Article
Language:Slovak
Subjects:

MARC

LEADER 00000nab a2200000 a 4500
001 vtls000115324
003 SK-MaSNL
005 20260303023926.0
008 160215c1982 xo 0 slo
015 |a SNBRB19rr/mm-uuuuu 
035 |a CL0125428 
040 |a SNKBUCL  |b slo  |c SNKBUCL  |e AACR2 
041 0 |a slo 
044 |a xo  |c SK 
080 |a 78.071  |2 1981 
080 |a 331.97  |2 1981 
080 |a 929 Kresánek, Jozef  |2 1981 
100 1 |a -eť-  |4 aut  |9 921200 
245 1 0 |a Univerzitný profesor PhDr. Jozef Kresánek, DrSc  |c -eť- 
600 1 7 |a Kresánek, Jozef,  |d 1913-1986  |2 snkbucl  |9 40266 
655 7 |a články z novín a časopisov  |2 snkbucl  |9 267496 
773 0 |t Sloboda  |g Roč. 37, č. 19 (6. 5. 1982), s. 4 
850 |a Slovenská národná knižnica v Martine  |a MTA001 
852 |a SNK  |b KIS3GCP 
958 |a BX 
958 |a RK 
992 |a RBX 
999 |c 1637200  |d 1639130